Statistics for What colour is ........ a shade of?

Click here to take the quiz!

General Stats

  • This quiz has been taken 31 times
  • The average score is 7 of 11

Answer Stats

HintAnswer% Correct
fuchsiapink
92%
canaryyellow
84%
onyxblack
76%
ceruleanblue
76%
carminered
76%
mauvepurple
72%
melonorange
64%
carobbrown
60%
viridiangreen
60%
porpoisegrey
48%
chiffonwhite
40%

Score Distribution

Percentile by Number Answered

Percent of People with Each Score

Your Score History

You have not taken this quiz